000
00291nam a2200121 a 4500
008
101026s1987|||| d
100
1
_a
Marková, Jekaterina
245
1
0
_a
Zriekam sa svojho dieťaťa
260
_b
Smena
_a
Bratislava
_c
1987
020
_c
14
041
_a
slo
044
_a
xo
_c
SK
999
_c
12305
_d
12305